<?xml version="1.0" encoding="UTF-8"?>
<record
    xmlns:xsi="http://www.w3.org/2001/XMLSchema-instance"
    xsi:schemaLocation="http://www.loc.gov/MARC21/slim http://www.loc.gov/standards/marcxml/schema/MARC21slim.xsd"
    xmlns="http://www.loc.gov/MARC21/slim">

  <leader>03362nam a2200373 i 4500</leader>
  <controlfield tag="001">000039751</controlfield>
  <controlfield tag="003">DO-SdBNP</controlfield>
  <controlfield tag="005">20250123094959.0</controlfield>
  <controlfield tag="007">ta</controlfield>
  <controlfield tag="008">130718s2013    dr a    r     000 0 spa d</controlfield>
  <datafield tag="020" ind1=" " ind2=" ">
    <subfield code="a">9789993427209</subfield>
  </datafield>
  <datafield tag="040" ind1=" " ind2=" ">
    <subfield code="a">DO-SdBNP</subfield>
    <subfield code="b">spa</subfield>
    <subfield code="c">BNPHU</subfield>
    <subfield code="e">rda</subfield>
  </datafield>
  <datafield tag="041" ind1=" " ind2=" ">
    <subfield code="a">spa</subfield>
  </datafield>
  <datafield tag="082" ind1=" " ind2="4">
    <subfield code="a">972.93053</subfield>
    <subfield code="b">V422v</subfield>
    <subfield code="2">22</subfield>
  </datafield>
  <datafield tag="100" ind1="1" ind2=" ">
    <subfield code="a">Vega, Bernardo,</subfield>
    <subfield code="d">1938 -</subfield>
    <subfield code="e">autor</subfield>
    <subfield code="4">aut.</subfield>
    <subfield code="9">3222</subfield>
  </datafield>
  <datafield tag="245" ind1="1" ind2="3">
    <subfield code="a">La vida cotidiana dominicana a trav&#xE9;s del archivo particular del general&#xED;simo /</subfield>
    <subfield code="c">Bernardo Vega ; cuidado de edici&#xF3;n, Jos&#xE9; Chez Checo.</subfield>
  </datafield>
  <datafield tag="250" ind1=" " ind2=" ">
    <subfield code="a">Segunda edici&#xF3;n</subfield>
  </datafield>
  <datafield tag="264" ind1=" " ind2="1">
    <subfield code="a">Santo Domingo Rep&#xFA;blica Dominicana :</subfield>
    <subfield code="b">Editora Fundaci&#xF3;n Cultural Dominicana,</subfield>
    <subfield code="c">2013.</subfield>
  </datafield>
  <datafield tag="300" ind1=" " ind2=" ">
    <subfield code="a">214 p&#xE1;ginas :</subfield>
    <subfield code="b">ilustraciones ;</subfield>
    <subfield code="c">28 cm.</subfield>
  </datafield>
  <datafield tag="336" ind1=" " ind2=" ">
    <subfield code="a">texto</subfield>
    <subfield code="b">txt</subfield>
    <subfield code="2">rdacontent</subfield>
  </datafield>
  <datafield tag="337" ind1=" " ind2=" ">
    <subfield code="a">sin mediaci&#xF3;n</subfield>
    <subfield code="b">n</subfield>
    <subfield code="2">rdamedia</subfield>
  </datafield>
  <datafield tag="338" ind1=" " ind2=" ">
    <subfield code="a">volumen</subfield>
    <subfield code="b">nc</subfield>
    <subfield code="2">rdacarrier</subfield>
  </datafield>
  <datafield tag="500" ind1=" " ind2=" ">
    <subfield code="a">Incluye &#xED;ndice onom&#xE1;stico</subfield>
  </datafield>
  <datafield tag="500" ind1=" " ind2=" ">
    <subfield code="a">Incluye datos biogr&#xE1;ficos del autor en las solapas</subfield>
  </datafield>
  <datafield tag="505" ind1=" " ind2=" ">
    <subfield code="a">
</subfield>
  </datafield>
  <datafield tag="505" ind1=" " ind2=" ">
    <subfield code="a">Introducci&#xF3;n, 9.-- Glosario, 13.-- Los peligros, 15.-- El peligro de estar borracho, 17.-- El peligro de ser ni&#xF1;o, 21.-- El peligro de expresar u o&#xED;r inconveniencias, 25.-- El peligro de estudiar qu&#xED;mica, 35.-- El peligro de los brindis, 37.-- El peligro hasta en el Himno y la Bandera, 41.-- La diplomacia, 43.-- Los extra&#xF1;os servicios que se le solicitan a nuestro servicio diplom&#xE1;tico, 45.-- El tratamiento dado a diplom&#xE1;ticos de gobiernos desafectos, 51.-- Correspondencia entre altos funcionarios de la naci&#xF3;n, 55.-- Aspectos religiosos, 61.-- Un sacerdote criollo protesta por el derramamiento de sangre, 63.-- Un arzobispo extranjero protesta por los protestantes, 73.-- Testigos de Jehov&#xE1; = Comunistas, 79.-- La Iglesia hostil, 95.-- El comunismo, 101.-- El comunismo como trastornador de cerebros, 103.-- Las efigies de Stalin y Trujillo, 105.-- El comunismo y las "cosas extraordinarias" durante el per&#xED;odo de tolerancia (1945-1946), 107.-- El comunismo y c&#xF3;mo combatirlo con actos culturales, 109.-- El comunismo durante la Guerra Fr&#xED;a, 113.-- Un Dilema Hist&#xF3;rico, 115.-- Hait&#xED; y la pureza de la sangre, la religi&#xF3;n y el lenguaje, 121.-- La personalidad del dictador, 149.-- El General&#xED;simo ofrece c&#xE1;tedras de econom&#xED;a, 151.-- Un hombre seguro de s&#xED; mismo, 157.-- Correspondencia con sus ministros, 163.-- Correspondencia de Trujillo con uno de sus generales, 169.-- El Servicio de Inteligencia, 173.-- El Problema es que a los veganos la intelectualizaci&#xF3;n les ha puesto los cerebros inquietos, 175.-- Las indiscreciones del Servicio Secreto, 183.-- El Servicio Secreto vigila hasta a los ancianos centenarios, 187.-- Recomendaciones de un ruso blanco, 189.-- Se esp&#xED;a a los supuestos nazistas, 191.-- El Servicio Secreto escucha hasta en los sanitarios, 193.-- Ya Turquil&#xE1;n est&#xE1; limpio, 195.-- La represi&#xF3;n a nivel nacional, 197.-- Se suicidaron ellos mismos, 199.-- &#xCD;ndice onom&#xE1;stico, 203.</subfield>
  </datafield>
  <datafield tag="590" ind1=" " ind2=" ">
    <subfield code="a">Inventariado, 2018/BT</subfield>
  </datafield>
  <datafield tag="600" ind1="1" ind2="4">
    <subfield code="a">Trujillo Molina, Rafael  Le&#xF3;nidas, </subfield>
    <subfield code="d">1891-1961</subfield>
    <subfield code="9">54950</subfield>
  </datafield>
  <datafield tag="651" ind1=" " ind2="4">
    <subfield code="a">Rep&#xFA;blica Dominicana</subfield>
    <subfield code="x">Vida social y costrumbres</subfield>
    <subfield code="y">Era de Trujillo, 1930-1961</subfield>
    <subfield code="9">52993</subfield>
  </datafield>
  <datafield tag="651" ind1=" " ind2="4">
    <subfield code="a">Rep&#xFA;blica Dominicana</subfield>
    <subfield code="x">Pol&#xED;tica y gobierno</subfield>
    <subfield code="y">Era de Trujillo, 1930-1961</subfield>
    <subfield code="9">1374</subfield>
  </datafield>
  <datafield tag="700" ind1="1" ind2=" ">
    <subfield code="a">Chez Checo, Jos&#xE9;,</subfield>
    <subfield code="e">editor</subfield>
    <subfield code="4">ed.</subfield>
    <subfield code="9">80381</subfield>
  </datafield>
  <datafield tag="910" ind1=" " ind2=" ">
    <subfield code="a">Validado. control de calidad. MFF</subfield>
  </datafield>
  <datafield tag="942" ind1=" " ind2=" ">
    <subfield code="2">ddc</subfield>
    <subfield code="c">LBS1</subfield>
  </datafield>
  <datafield tag="952" ind1=" " ind2=" ">
    <subfield code="0">0</subfield>
    <subfield code="1">0</subfield>
    <subfield code="2">ddc</subfield>
    <subfield code="5">6</subfield>
    <subfield code="7">0</subfield>
    <subfield code="8">DS</subfield>
    <subfield code="a">BNPHU</subfield>
    <subfield code="b">BNPHU</subfield>
    <subfield code="c">HD</subfield>
    <subfield code="d">2018-08-30</subfield>
    <subfield code="l">0</subfield>
    <subfield code="o">BNPHU DS 972.93053 V422v</subfield>
    <subfield code="p">39751-30</subfield>
    <subfield code="r">2020-06-25</subfield>
    <subfield code="t">e. 3</subfield>
    <subfield code="w">2020-06-25</subfield>
    <subfield code="y">LBS1</subfield>
    <subfield code="Z">Pr&#xE9;stamo en sala</subfield>
  </datafield>
  <datafield tag="952" ind1=" " ind2=" ">
    <subfield code="0">0</subfield>
    <subfield code="1">0</subfield>
    <subfield code="2">ddc</subfield>
    <subfield code="5">1</subfield>
    <subfield code="7">0</subfield>
    <subfield code="8">PD</subfield>
    <subfield code="a">BNPHU</subfield>
    <subfield code="b">BNPHU</subfield>
    <subfield code="c">HD</subfield>
    <subfield code="d">2013-07-18</subfield>
    <subfield code="l">0</subfield>
    <subfield code="o">BNPHU PD 972.93053 V422v</subfield>
    <subfield code="p">39751-10</subfield>
    <subfield code="r">2020-06-25</subfield>
    <subfield code="w">2020-06-25</subfield>
    <subfield code="y">LBS1</subfield>
    <subfield code="Z">No se presta</subfield>
  </datafield>
  <datafield tag="952" ind1=" " ind2=" ">
    <subfield code="0">0</subfield>
    <subfield code="1">0</subfield>
    <subfield code="2">ddc</subfield>
    <subfield code="5">1</subfield>
    <subfield code="7">0</subfield>
    <subfield code="8">PD</subfield>
    <subfield code="a">BNPHU</subfield>
    <subfield code="b">BNPHU</subfield>
    <subfield code="c">HD</subfield>
    <subfield code="d">2013-07-18</subfield>
    <subfield code="l">0</subfield>
    <subfield code="o">BNPHU PD 972.93053 V422v</subfield>
    <subfield code="p">39751-20</subfield>
    <subfield code="r">2020-06-25</subfield>
    <subfield code="t">e. 2</subfield>
    <subfield code="w">2020-06-25</subfield>
    <subfield code="y">LBS1</subfield>
    <subfield code="Z">No se presta</subfield>
  </datafield>
  <datafield tag="952" ind1=" " ind2=" ">
    <subfield code="0">0</subfield>
    <subfield code="1">0</subfield>
    <subfield code="2">ddc</subfield>
    <subfield code="5">6</subfield>
    <subfield code="7">0</subfield>
    <subfield code="8">DS</subfield>
    <subfield code="a">BNPHU</subfield>
    <subfield code="b">BNPHU</subfield>
    <subfield code="c">HD</subfield>
    <subfield code="d">2024-10-25</subfield>
    <subfield code="e">Donado por la Presidencia de la Rep&#xFA;blica Dominicana 2023.</subfield>
    <subfield code="l">0</subfield>
    <subfield code="o">BNPHU DS 972.93053 V422v</subfield>
    <subfield code="p">2024-6169</subfield>
    <subfield code="r">2024-10-25</subfield>
    <subfield code="t">e.4</subfield>
    <subfield code="w">2024-10-25</subfield>
    <subfield code="y">LBS1</subfield>
    <subfield code="z">Perteneci&#xF3; a la biblioteca personal de Emilio Cordero Michel.</subfield>
  </datafield>
  <datafield tag="999" ind1=" " ind2=" ">
    <subfield code="c">39241</subfield>
    <subfield code="d">39241</subfield>
  </datafield>
</record>
